Entry Nombre personal
001 - NÚMERO DE CONTROL
- campo de control: 234541
003 - IDENTIFICADOR DE NÚMERO DE CONTROL
- campo de control: SpMaBN
005 - FECHA Y HORA DE LA ÚLTIMA TRANSACCIÓN
- campo de control: 20231110182815.0
008 - ELEMENTOS DE DATO DE LONGITUD-FIJA
- campo de control de longitud fija: 901120n| aijnnaabn a aaa
016 ## - NÚMERO DE CONTROL DE UNA AGENCIA BIBLIOGRÁFICA NACIONAL
- Número de control del registro: BNE19900579067
024 7# - IDENTIFICADOR DE OTROS ESTÁNDARES
- Número estándar o código: http://viaf.org/viaf/4123461/
- Fuente: viaf
024 7# - IDENTIFICADOR DE OTROS ESTÁNDARES
- Número estándar o código: https://isni.org/isni/0000000079697218
- Fuente: isni
024 7# - IDENTIFICADOR DE OTROS ESTÁNDARES
- Número estándar o código: http://www.wikidata.org/entity/Q22337713
- Fuente: wikidata
040 ## - FUENTE DE CATALOGACIÓN
- Centro catalogador/agencia de origen: SpMaBN
- Lengua de catalogación: spa
- Centro/agencia transcriptor: SpMaBN
- Normas de descripción: rdc
- Convención/Normas de encabezamiento de materia/tesauro: embne
046 ## - FECHAS CON CODIFICACIÓN ESPECIAL
- Fecha de nacimiento: 1960
- Fecha de la muerte: 2016
100 1# - ENCABEZAMIENTO-NOMBRE DE PERSONA
- Nombre de persona: Serrano, José Luis,
- Fechas asociadas al nombre: 1960-2016
370 ## - LUGAR ASOCIADO
- Lugar de nacimiento: Granada, España
- Fuente del término: embne
- Fuente de información: (Wikidata)
- Número de control del registro de autoridad o número normalizado: XX450834
370 ## - LUGAR ASOCIADO
- Lugar de fallecimiento: Granada, España
- Fuente del término: embne
372 ## - CAMPO DE ACTIVIDAD
- Campo de actividad: Filosofía del Derecho
- Fuente de información: (Dialnet)
374 ## - OCUPACIÓN
- Ocupación: Escritores
- Ocupación: Políticos
- Fuente del término: embne
375 ## - GÉNERO/SEXO
- Género: Masculino
377 ## - IDIOMA ASOCIADO
- Código del idioma: spa
- Término de lengua/lenguaje: Español
400 1# - TRAZADO DE VÉASE--NOMBRE DE PERSONA
- Nombre de persona: Serrano Moreno, José Luis,
- Fechas asociadas al nombre: 1960-2016
670 ## - FUENTE DE DATOS ENCONTRADOS
- Cita de la fuente: La Alhambra de Salomón, 2013
- Información encontrada: port. (José Luis Serrano)
670 ## - FUENTE DE DATOS ENCONTRADOS
- Cita de la fuente: El efecto familia, 1987
- Información encontrada: port. (José Luis Serrano Moreno)
670 ## - FUENTE DE DATOS ENCONTRADOS
- Cita de la fuente: Validez y vigencia, 1999
- Información encontrada: port. (José Luis Serrano) solapa (prof. de las licenciaturas de Derecho y Ciencias Ambientales, Univ. de Granada)
670 ## - FUENTE DE DATOS ENCONTRADOS
- Cita de la fuente: WWW ISBN, 30-10-2013
- Información encontrada: (Serrano Moreno, José Luis (1960- )
670 ## - FUENTE DE DATOS ENCONTRADOS
- Cita de la fuente: WWW Wikipedia, 27-3-2107
- Información encontrada: (José Serrano Moreno; nació en Granada en 1960 y murió en 2016. Escritor y político)
- Identificador Uniforme de Recursos: https://es.wikipedia.org/wiki/Jos%C3%A9_Luis_Serrano_Moreno
856 4# - LOCALIZACIÓN Y ACCESO ELECTRÓNICOS
- Identificador Uniforme de Recursos: https://dialnet.unirioja.es/servlet/autor?codigo=169666
